000 00743nam a2200229Ia 4500
999 _c32028
_d32028
003 GCL
005 20240530102415.0
008 140319s9999 xx 000 0 ara d
040 _aGCL /
_cGCL
082 0 4 _a157.9
_bم ع
100 1 _aمحمود الزيادى
245 1 0 _aعلم النفس الاكلينكى التشخيص والعلاج /
_cمحمود الزيادى
260 _aالقاهرة :
_bمكتبة الانجلوالمصرية
300 _a464
650 0 4 _aعلم النفس
650 0 4 _aالشخصية
650 0 4 _aالعلاج النفسى
650 0 4 _aالطب وعلم النفس
650 0 4 _aعلم النفس الاكلينيكى
650 0 4 _aالاختبارات النفسية
942 _2ddc
_cBK